LEADER 03571nam 22004815 450 001 9911049188403321 005 20260121121928.0 010 $a979-88-6881-904-9 024 7 $a10.1007/979-8-8688-1904-9 035 $a(CKB)44770031700041 035 $a(MiAaPQ)EBC32471053 035 $a(Au-PeEL)EBL32471053 035 $a(CaSebORM)9798868819049 035 $a(OCoLC)1565363214 035 $a(OCoLC-P)1565363214 035 $a(DE-He213)979-8-8688-1904-9 035 $a(EXLCZ)9944770031700041 100 $a20260102d2025 u| 0 101 0 $aeng 135 $aur||||||||||| 181 $ctxt$2rdacontent 182 $cc$2rdamedia 183 $acr$2rdacarrier 200 10$aDesigning Web Layouts with Bootstrap 5 $eMastering Responsive Web Design with the Open Source CSS Framework /$fby Ajdin Imsirovic 205 $a1st ed. 2025. 210 1$aBerkeley, CA :$cApress :$cImprint: Apress,$d2025. 215 $a1 online resource (209 pages) 225 1 $aProfessional and Applied Computing Series 311 08$a979-88-6881-903-2 327 $aPart I: Your First Layout: Portfolio Page -- Chapter 1: What You Need to Know: Revision of HTML, CSS and JavaScript -- Chapter 2: Containers and Rows in Bootstrap 5.3 -- Chapter 3: Columns, Breakpoints and the Grid -- Chapter 4: Utilities, Typography, Images and Tables in Bootstrap 5.3 -- Part II: Your Second Layout: Invoice Maker -- Chapter 5: Forms in Bootstrap 5.3 -- Chapter 6: Components in Bootstrap 5.3 -- Chapter 7: JavaScript-Powered Components in Bootstrap 5.3 -- Chapter 8: Sharing Your Invoice Maker App with the World -- Part III: Your Third Layout - Bootstrap 5.3 and React -- Chapter 9: Modern Front-End Tooling -- Chapter 10: React Concepts You Need to Know to Code Your Layout -- Chapter 11: Adding Interactivity to Your React Restaurant Website -- Chapter 12: Improving Your Restaurant Website Using the React-Bootstrap npm Package. 330 $aDesigning Web Layouts with Bootstrap 5 will guide you through the creation of responsive web layouts using Bootstrap. It covers foundational topics like HTML, CSS, and JavaScript revision, progressing to more advanced Bootstrap features such as grids, and components as well as integrations with modern front-end tools like React. Bootstrap 5.3 introduces significant updates, making it essential for developers in mastering modern web design techniques. Split into three parts, each centered on an increasingly intricate design project, the book starts with a refresher on the main concepts of HTML, CSS and JavaScript before diving into Bootstrap essentials like containers, breakpoints, and the grid system as well as utility classes for styling, typography and images. We then move deeper, looking at web forms, components and deployment techniques. The final project looks at integrating Bootstrap with React exploring modern front-end design, development workflows and best practices. You Will: Learn how to utilize Bootstrap 5.3 to design clean and responsive websites Understand theessentials of modern front-end development and best practices Explore how to integrate Bootstrap with React for powerful, professional-quality websites . 410 0$aProfessional and Applied Computing Series 606 $aWeb site development 615 0$aWeb site development. 676 $a006.7/6 700 $aImsirovic$b Ajdin$01657964 801 0$bMiAaPQ 801 1$bMiAaPQ 801 2$bMiAaPQ 906 $aBOOK 912 $a9911049188403321 996 $aDesigning Web Layouts with Bootstrap 5$94522316 997 $aUNINA